Bridget Jonesová - láskou šílená /
Další pokračování veleúspěšné řady románů s hlavní hrdinkou Bridget Jonesovou.
Uloženo v:
| Série: | Bridget Jones,
část 3 |
|---|---|
| Hlavní autor: | |
| Další autoři: | |
| Médium: | E-kniha |
| Jazyk: | Czech |
| Vydáno: |
V Praze:
XYZ,
2025
|
| Vydání: | 2. vydání |
| Témata: | |
| Příbuzné jednotky: | Z cyklu::
Bridget Jones |
| Tagy: |
Žádné tagy |
| LEADER | 02894nam a2200493 i 4500 | ||
|---|---|---|---|
| 001 | 312625 | ||
| 003 | CZ PrSKC | ||
| 005 | 20260601215726.0 | ||
| 007 | ta | ||
| 008 | 250128s2025 xr g 000 f cze | ||
| 015 | |a cnb003668814 | ||
| 020 | |a 9788076837256 |q (brožováno) : |c Kč 399,00 | ||
| 035 | |a (OCoLC)1505964028 | ||
| 040 | |a BOA001 |b cze |d ABA001 |e rda | ||
| 041 | 1 | |a cze |h eng | |
| 072 | 7 | |a 821.111-3 |x Anglická próza, anglicky psaná |2 Konspekt | |
| 080 | |a 821.111-31 |2 MRF | ||
| 080 | |a (0:82-311.5) |2 MRF | ||
| 080 | |a (0:82-94) |2 MRF | ||
| 100 | 1 | |a Fielding, Helen, |d 1958- |7 jn20010602271 |4 aut | |
| 240 | 1 | 0 | |a Bridget Jones. |l Česky |
| 245 | 1 | 0 | |a Bridget Jonesová - láskou šílená / |c Helen Fieldingová ; z anglického originálu Bridget Jones ... přeložila Barbora Punge Puchalská |
| 246 | 3 | 0 | |a Láskou šílená |
| 250 | |a 2. vydání | ||
| 264 | 1 | |a V Praze: |b XYZ, |c 2025 | |
| 300 | |a 383 stran ; |c 21 cm | ||
| 336 | |a text |b txt |2 rdacontent | ||
| 337 | |a bez média |b n |2 rdamedia | ||
| 338 | |a svazek |b nc |2 rdacarrier | ||
| 520 | 2 | |a Další pokračování veleúspěšné řady románů s hlavní hrdinkou Bridget Jonesovou. |b Bridget Jonesové je přes padesát, má dvě malé děti a vysněného manžela a vypadá to, že je jejímu zoufalému životnímu tápání konec. Ovšem potom udeří osud, její manžel umírá a ona v šoku z jeho smrti zůstane čtyři roky sama. Nový příběh začíná ve chvíli, kdy už má samoty dost a zvažuje, jestli už není připravena na nový vztah. Ale nezpronevěří se tím památce svého manžela? A bude ji ještě vůbec někdo chtít? Nakonec se ukazuje, že ji někdo chtít bude a že to bude dokonce muž podstatně mladší. Bridget se velmi zamiluje. Jenomže se ukazuje, že jí láska přidělá právě tolik starostí, kolik jí dá radosti, a že jí na klidu a životní harmonii rozhodně nepřidá. Ale copak má "láskou šílená" Bridget jinou možnost? | |
| 655 | 7 | |a anglické romány |7 fd131814 |2 czenas | |
| 655 | 7 | |a humoristické romány |7 fd132431 |2 czenas | |
| 655 | 7 | |a fiktivní deníky |7 fd132254 |2 czenas | |
| 655 | 9 | |a English fiction |2 eczenas | |
| 655 | 9 | |a humorous novels |2 eczenas | |
| 655 | 9 | |a imaginary diaries |2 eczenas | |
| 700 | 1 | |a Punge Puchalská, Barbora, |d 1973- |7 jn20001103362 |4 trl | |
| 787 | 0 | 8 | |i Z cyklu: |t Bridget Jones |g 3 |
| 900 | |a ABA001 |b 20 | ||
| 928 | 9 | |a Albatros Media - XYZ | |
| 044 | |a xr | ||
| 910 | |a RBIT002 | ||
| 998 | |d 417191 |a https://core.palmknihy.cz/api/books/417191/cover?sr5ase |b https://core.palmknihy.cz/api/books/417191/cover/400?sr5ase |c https://core.palmknihy.cz/api/books/417191/cover/50?sr5ase |e 2029-07-24 |g 384 |i 9788076837256 |j https://core.palmknihy.cz/api/books/417191/preview.epub |k https://core.palmknihy.cz/api/books/417191/preview.pdf |l |q 49 |r 1 |s https://www.palmknihy.cz/kniha/417191 |t ebook |y 2025 |z 0 |v Bridget Jones |w 3 | ||
| 999 | |d 312623 | ||